Исследование влияния водородного охрупчивания на локализацию пластической деформации алюминиевого сплава; Перспективные материалы с иерархической структурой для новых технологий и надежных конструкций

Библиографические подробности
Источник:Перспективные материалы с иерархической структурой для новых технологий и надежных конструкций.— 2015.— [С. 291-292]
Автор-организация: Национальный исследовательский Томский политехнический университет (ТПУ) Институт физики высоких технологий (ИФВТ) Кафедра теоретической и прикладной механики (ТПМ)
Другие авторы: Бочкарева А. В. Анна Валентиновна, Лунёв А. Г. Алексей Геннадьевич, Баранникова С. А., Горбатенко В. В., Шляхова Г. В., Зуев Л. Б.
Примечания:Заглавие с экрана
Язык:русский
Опубликовано: 2015
Серии:Неустойчивость и локализация деформации и разрушения в материалах с иерархической структурой
Предметы:
Online-ссылка:http://www.ispms.ru/files/Conference/2015/tezis_2015.pdf#page=291
Формат: Электронный ресурс Статья
Запись в KOHA:https://koha.lib.tpu.ru/cgi-bin/koha/opac-detail.pl?biblionumber=646054

MARC

LEADER 00000nla2a2200000 4500
001 646054
005 20231101134409.0
035 |a (RuTPU)RU\TPU\network\11175 
035 |a RU\TPU\network\11170 
090 |a 646054 
100 |a 20160209d2015 k y0rusy50 ca 
101 0 |a rus  |g rus 
102 |a RU 
105 |a a z 101zy 
135 |a drgn ---uucaa 
181 0 |a i  
182 0 |a b 
200 1 |a Исследование влияния водородного охрупчивания на локализацию пластической деформации алюминиевого сплава  |f А. В. Бочкарева [и др.] 
203 |a Текст  |c электронный 
225 1 |a Неустойчивость и локализация деформации и разрушения в материалах с иерархической структурой 
300 |a Заглавие с экрана 
320 |a [Библиогр.: с. 292 (3 назв.)] 
337 |a Adobe Reader 
463 1 |0 (RuTPU)RU\TPU\network\11053  |t Перспективные материалы с иерархической структурой для новых технологий и надежных конструкций  |o тезисы докладов Международной конференции, 21-25 сентября 2015 г., Томск  |f Российская академия наук (РАН), Сибирское отделение (СО), Институт физики прочности и материаловедения (ИФПМ)  |v [С. 291-292]  |d 2015 
610 1 |a электронный ресурс 
610 1 |a труды учёных ТПУ 
610 1 |a влияние 
610 1 |a водородное охрупчивание 
610 1 |a локализация 
610 1 |a пластическая деформация 
610 1 |a алюминиевые сплавы 
701 1 |a Бочкарева  |b А. В.  |c специалист в области машиностроения  |c доцент Томского политехнического университета, кандидат технических наук  |g Анна Валентиновна  |2 stltpush  |3 (RuTPU)RU\TPU\pers\36155 
701 1 |a Лунёв  |b А. Г.  |c физик  |c доцент Томского политехнического университета, кандидат технических наук  |f 1978-  |g Алексей Геннадьевич  |2 stltpush  |3 (RuTPU)RU\TPU\pers\32708 
701 1 |a Баранникова  |b С. А. 
701 1 |a Горбатенко  |b В. В. 
701 1 |a Шляхова  |b Г. В. 
701 1 |a Зуев  |b Л. Б. 
712 0 2 |a Национальный исследовательский Томский политехнический университет (ТПУ)  |b Институт физики высоких технологий (ИФВТ)  |b Кафедра теоретической и прикладной механики (ТПМ)  |h 71  |2 stltpush  |3 (RuTPU)RU\TPU\col\18695 
801 1 |a RU  |b 63413507  |c 20101016 
801 2 |a RU  |b 63413507  |c 20160209  |g RCR 
856 4 |u http://www.ispms.ru/files/Conference/2015/tezis_2015.pdf#page=291 
942 |c CF